000
00261nam a22001097a 4500
008
170118b xxu||||| |||| 00| 0 eng d
020
_a
9780071461153
041
_a
eng
080
_a
618.2
245
_a
FIRST AID FOR THE USMLE STEP 1
_c
BHUSHAN, V
942
_2
udc
_c
BK
999
_c
3102
_d
3102